| 000 | 00702nam a2200193Ia 4500 | ||
|---|---|---|---|
| 008 | 151121s9999||||xx |||||||||||||| ||und|| | ||
| 082 | _a818/तेंडुल | ||
| 082 | _bHNW-59294 | ||
| 100 | _aतेंडुलकर प्रिया | ||
| 245 | _aजन्मलेल्या प्रत्येकाला | ||
| 260 | _bपिंपल वसई | ||
| 260 | _c-- | ||
| 300 | _a172 | ||
| 600 | _aतेंडुलकर प्रिया | ||
| 630 | _aजन्मलेल्या प्रत्येकाला | ||
| 700 | _aतेंडुलकर प्रिया | ||
| 730 | _aजन्मलेल्या प्रत्येकाला | ||
| 942 | _cBOOK | ||
| 999 |
_c1241079 _d1241076 |
||